[Event "Titled Tuesday intern op 17th Sep Early"]
[Site "Chess,com INT"]
[Date "2024.09.17"]
[Round "8"]
[White "Eden, James"]
[Black "Murthy, Pappu LN"]
[Result "1-0"]
[WhiteElo "2270"]
[BlackElo "1838"]
[PlyCount "43"]
[EventDate "2024.09.17"]
[EventType "swiss (blitz)"]
[EventRounds "11"]
[EventCountry "USA"]
[SourceTitle "EXT 2025"]
[Source "ChessBase"]
[SourceDate "2024.10.14"]
[SourceVersion "1"]
[SourceVersionDate "2024.10.14"]
[SourceQuality "1"]

1. d4 Nf6 2. c4 c5 3. d5 b5 4. cxb5 a6 5. bxa6 g6 6. Nc3 Bg7 7. e4 0-0 8. Nf3 Qa5 9. Bc4 Nxe4 10. 0-0 Nxc3 11. bxc3 Bxc3 12. Rb1 Bg7 13. Bg5 Re8 14. d6 exd6 15. Qxd6 Bxa6 16. Bxf7+ Kxf7 17. Qd5+ Kf8 18. Qd6+ Kg8 19. Rfe1 Nc6 20. Qxd7 Rxe1+ 21. Rxe1 Nd4 22. Qd5+ 1-0

[Event "Djerba op-A"]
[Site "Djerba"]
[Date "2024.02.22"]
[Round "5"]
[White "Eden, James"]
[Black "Djabri, Massinas"]
[Result "0-1"]
[WhiteElo "2297"]
[BlackElo "2238"]
[PlyCount "56"]
[EventDate "2024.02.18"]
[EventType "swiss"]
[EventRounds "9"]
[EventCountry "TUN"]
[SourceTitle "EXT 2025"]
[Source "ChessBase"]
[SourceDate "2024.10.14"]
[SourceVersion "1"]
[SourceVersionDate "2024.10.14"]
[SourceQuality "1"]

1. e4 c5 2. Nf3 d6 3. d4 cxd4 4. Nxd4 Nf6 5. Nc3 a6 6. a3 e5 7. Nf5 d5 8. Bg5 d4 9. Bxf6 gxf6 10. Nb1 Be6 11. Nd2 Nc6 12. Bd3 Qc7 13. Qf3 0-0-0 14. 0-0 h5 15. b4 Na7 16. Qe2 Kb8 17. b5 Nxb5 18. Bxb5 axb5 19. Qxb5 Qxc2 20. Rab1 Rd7 21. Rfc1 Qxd2 22. Rc6 Bxa3 23. Rb6 Bb4 24. Ng3 Rc8 25. Rxb4 Rcc7 26. Qa6 d3 27. h4 Qxb4 28. Rxb4 d2 0-1

[Event "Paleochora op 16th"]
[Site "Paleochora"]
[Date "2023.07.26"]
[Round "9"]
[White "Eden, James"]
[Black "Jobava, Baadur"]
[Result "0-1"]
[WhiteElo "2335"]
[BlackElo "2566"]
[PlyCount "72"]
[EventDate "2023.07.19"]
[EventType "swiss"]
[EventRounds "9"]
[EventCountry "GRE"]
[SourceTitle "EXT 2024"]
[Source "ChessBase"]
[SourceDate "2023.10.10"]
[SourceVersion "1"]
[SourceVersionDate "2023.10.10"]
[SourceQuality "1"]

1. e4 c6 2. d4 d5 3. Nd2 dxe4 4. Nxe4 Bf5 5. Ng3 Bg6 6. h4 h6 7. Nf3 Nd7 8. h5 Bh7 9. Bd3 Bxd3 10. Qxd3 e6 11. Bd2 Ngf6 12. 0-0-0 a5 13. Ne4 Nxe4 14. Qxe4 Nf6 15. Qe2 Bb4 16. c3 Be7 17. Ne5 a4 18. g4 Nd7 19. f4 Nxe5 20. Qxe5 0-0 21. g5 Ra5 22. Qe4 hxg5 23. Rdg1 a3 24. b3 Rf5 25. Rg4 gxf4 26. Rhg1 Bf6 27. Bxf4 Rxh5 28. Qg2 Rh7 29. Qg3 Kh8 30. Bd6 Rg8 31. Bxa3 Qa5 32. Kb2 Ra8 33. Qd6 e5 34. R1g2 exd4 35. cxd4 Rh5 36. Rf4 Rd5 0-1

[Event "Paleochora op 16th"]
[Site "Paleochora"]
[Date "2023.07.23"]
[Round "6"]
[White "Tzagarakis, Panagiotis"]
[Black "Eden, James"]
[Result "1-0"]
[WhiteElo "2046"]
[BlackElo "2335"]
[PlyCount "111"]
[EventDate "2023.07.19"]
[EventType "swiss"]
[EventRounds "9"]
[EventCountry "GRE"]
[SourceTitle "EXT 2024"]
[Source "ChessBase"]
[SourceDate "2023.10.10"]
[SourceVersion "1"]
[SourceVersionDate "2023.10.10"]
[SourceQuality "1"]

1. e4 c5 2. Nf3 d6 3. d4 cxd4 4. Nxd4 Nf6 5. Nc3 Nc6 6. Nd5 e6 7. Nxf6+ Qxf6 8. Be3 Be7 9. Be2 Qg6 10. 0-0 0-0 11. f3 a6 12. Qd2 e5 13. Nxc6 bxc6 14. c4 f5 15. Kh1 fxe4 16. fxe4 Be6 17. Bf3 Rad8 18. Qe2 c5 19. a3 Rb8 20. Rab1 Rb3 21. Bd2 Bg5 22. Bh5 Rxf1+ 23. Rxf1 Qh6 24. Bc3 g6 25. Bg4 Bf7 26. Qd1 Bf4 27. h3 Rb6 28. b4 Qh4 29. Qd3 Qg3 30. Qxg3 Bxg3 31. Be2 cxb4 32. Bxb4 h5 33. Rd1 a5 34. Rxd6 Rb8 35. Bxa5 Rb1+ 36. Rd1 Rxd1+ 37. Bxd1 Bxc4 38. Kg1 Kf8 39. Ba4 Bd3 40. Bc6 Ke7 41. Bc7 h4 42. a4 Ba6 43. Bb5 Bb7 44. Bd3 Kd7 45. Bb6 Kc6 46. a5 Be1 47. Kf1 Bc3 48. Ke2 Bc8 49. Bc4 g5 50. Kf3 Bd2 51. Bf7 Ba6 52. Be6 Kd6 53. Bb3 Kc6 54. Bd1 Bc8 55. Be2 Kd6 56. Bb5 1-0

[Event "FRA-ch Blitz"]
[Site "Asnieres sur Seine"]
[Date "2023.06.24"]
[Round "13"]
[White "Eden, James"]
[Black "Stephan, Victor"]
[Result "1-0"]
[WhiteElo "2338"]
[BlackElo "2386"]
[PlyCount "129"]
[EventDate "2023.06.24"]
[EventType "swiss (blitz)"]
[EventRounds "13"]
[EventCountry "FRA"]
[SourceTitle "CBM 214 Extra"]
[Source "ChessBase"]
[SourceDate "2023.07.31"]
[SourceVersion "1"]
[SourceVersionDate "2023.07.31"]
[SourceQuality "1"]

1. e4 c5 2. Nf3 d6 3. d4 cxd4 4. Nxd4 Nf6 5. Nc3 a6 6. h3 e6 7. g4 Be7 8. Bg2 Nfd7 9. Be3 Nc6 10. Qe2 Qc7 11. 0-0-0 0-0 12. f4 Nxd4 13. Bxd4 b5 14. e5 d5 15. f5 Bg5+ 16. Kb1 b4 17. Na4 Bf4 18. fxe6 fxe6 19. Rhf1 Bb7 20. Rf3 Qc4 21. Qxc4 dxc4 22. Rxf4 Bxg2 23. Rxf8+ Rxf8 24. Nc5 Nxc5 25. Bxc5 Rf1 26. Rxf1 Bxf1 27. h4 Be2 28. g5 a5 29. b3 Kf7 30. Bb6 Kg6 31. Bxa5 Kh5 32. Bxb4 Kxh4 33. Bd2 cxb3 34. cxb3 Kg4 35. Kc2 Kf5 36. a4 g6 37. Kc3 Kxe5 38. Kb4 Kd4 39. Ka5 Kd3 40. Bf4 Ke4 41. Bc1 Kd5 42. b4 Kc6 43. b5+ Kb7 44. Kb4 Bf3 45. Kc5 e5 46. a5 Be2 47. a6+ Ka7 48. Be3 e4 49. Kc6+ Ka8 50. Kb6 Bd3 51. Ka5 Bc4 52. Kb4 Bd3 53. Kc5 Ka7 54. Kc6+ Ka8 55. Kb6 Bc4 56. Bf4 Bd3 57. Ka5 Bc4 58. Be3 Bb3 59. b6 Bd5 60. Kb5 Kb8 61. Kc5 Ba8 62. Kd6 Kc8 63. Ke7 Bc6 64. Kf6 Bb5 65. b7+ 1-0

[Event "Titled Tuesday intern op 04th Apr Late"]
[Site "Chess.com INT"]
[Date "2023.04.04"]
[Round "1"]
[White "Eden, James"]
[Black "Kravtsiv, Martyn"]
[Result "1-0"]
[WhiteElo "2312"]
[BlackElo "2598"]
[PlyCount "99"]
[EventDate "2023.04.04"]
[EventType "swiss (blitz)"]
[EventRounds "11"]
[EventCountry "USA"]
[SourceTitle "EXT 2024"]
[Source "ChessBase"]
[SourceDate "2023.10.10"]
[SourceVersion "1"]
[SourceVersionDate "2023.10.10"]
[SourceQuality "1"]

1. e4 e5 2. Nf3 Nc6 3. Bc4 Nf6 4. d3 Bc5 5. c3 0-0 6. 0-0 d5 7. exd5 Nxd5 8. Re1 Bg4 9. Nbd2 Nb6 10. h3 Bh5 11. Bb3 Kh8 12. Ne4 Bd6 13. Ng3 Bg6 14. d4 exd4 15. Nxd4 Nxd4 16. Qxd4 c5 17. Qg4 f5 18. Qg5 f4 19. Ne4 Qxg5 20. Nxg5 c4 21. Bd1 Rae8 22. Rxe8 Rxe8 23. Bd2 h6 24. Bc2 hxg5 25. Bxg6 Re6 26. Bh5 Bc5 27. Bf3 Nd7 28. Re1 Rxe1+ 29. Bxe1 b6 30. Bd2 Ne5 31. Be4 g6 32. h4 gxh4 33. Bxf4 Nd3 34. Bxd3 cxd3 35. Kf1 Kg7 36. Ke1 Kf6 37. f3 Kf5 38. Bb8 Be3 39. Bxa7 g5 40. Bb8 g4 41. fxg4+ Kxg4 42. a4 Kf5 43. b4 Ke4 44. a5 bxa5 45. bxa5 Kd5 46. a6 Kc6 47. Be5 Bb6 48. Bd4 Bc7 49. a7 Kb7 50. Kd2 1-0

[Event "Paris Rapid op"]
[Site "Paris"]
[Date "2023.03.04"]
[Round "1"]
[White "Eden, James"]
[Black "Bauer, Christian"]
[Result "0-1"]
[WhiteElo "2311"]
[BlackElo "2596"]
[PlyCount "120"]
[EventDate "2023.03.04"]
[EventType "swiss (rapid)"]
[EventRounds "9"]
[EventCountry "FRA"]
[SourceTitle "CBM 213 Extra"]
[Source "ChessBase"]
[SourceDate "2023.05.31"]
[SourceVersion "1"]
[SourceVersionDate "2023.05.31"]
[SourceQuality "1"]

1. e4 Nc6 2. Nf3 d6 3. d4 Nf6 4. Nc3 g6 5. Be2 Bg7 6. 0-0 0-0 7. h3 a6 8. a4 e5 9. dxe5 dxe5 10. Be3 Qe7 11. Qc1 Rd8 12. Rd1 Be6 13. Ng5 Nd4 14. Nxe6 Qxe6 15. Bd3 Rd7 16. Rd2 Rad8 17. Qf1 Nh5 18. Rad1 Nf4 19. Bc4 Qe7 20. Bxf4 exf4 21. Nd5 Qxe4 22. Re1 Qf5 23. Ne7+ Rxe7 24. Rxe7 Nf3+ 25. gxf3 Qg5+ 26. Kh2 Qxe7 27. Qe2 Qf6 28. Rxd8+ Qxd8 29. b4 Bd4 30. Kg2 Qg5+ 31. Kf1 Qf5 32. Kg2 Qf6 33. Qe4 c6 34. Qe8+ Kg7 35. Qd7 b5 36. Bxf7 Kh6 37. axb5 cxb5 38. Qe6 Qh4 39. Qe2 Qg5+ 40. Kf1 Bc3 41. Qe4 Qf6 42. Bb3 Qd6 43. Qd5 Bxb4 44. Qe4 Bc5 45. h4 Qd2 46. Qe2 Qxe2+ 47. Kxe2 Be7 48. c4 Bxh4 49. c5 Be7 50. c6 Bd6 51. Kd3 Kg5 52. Ke4 Kf6 53. Kd5 Bc7 54. Kc5 h5 55. Bc2 h4 56. Bd3 h3 57. Bf1 h2 58. Bg2 Ke5 59. Bh1 Bd6+ 60. Kb6 b4 0-1

[Event "Montagne Rapid op 3rd"]
[Site "Montagne"]
[Date "2022.08.28"]
[Round "7"]
[White "Eden, James"]
[Black "Fantinel, Thibault"]
[Result "1-0"]
[WhiteElo "2258"]
[BlackElo "2406"]
[PlyCount "65"]
[EventDate "2022.08.28"]
[EventType "swiss (rapid)"]
[EventRounds "9"]
[EventCountry "FRA"]
[SourceTitle "CBM 210 Extra"]
[Source "ChessBase"]
[SourceDate "2022.11.30"]
[SourceVersion "1"]
[SourceVersionDate "2022.11.30"]
[SourceQuality "1"]

1. Nf3 Nf6 2. b3 g6 3. Bb2 Bg7 4. g3 0-0 5. Bg2 c5 6. c4 d6 7. 0-0 e5 8. e3 Nc6 9. Nc3 Bf5 10. d4 exd4 11. exd4 Ne4 12. Nd5 Re8 13. Re1 Qd7 14. Re2 Bg4 15. dxc5 dxc5 16. Bxg7 Kxg7 17. Qe1 Bxf3 18. Bxf3 Nd4 19. Bxe4 Rxe4 20. Rxe4 Nf3+ 21. Kg2 Nxe1+ 22. Raxe1 Rd8 23. Re7 Qf5 24. R1e5 Qc2 25. Re2 Qf5 26. R2e5 Qc2 27. Rxb7 Qxa2 28. Ree7 Rf8 29. Nf4 Kf6 30. Nd3 a5 31. Nxc5 h5 32. Ne4+ Kg7 33. Ng5 1-0

[Event "FRA-chT Top 16 Gp Basse"]
[Site "Chartres"]
[Date "2022.06.19"]
[Round "4.2"]
[White "Jrade, Willis"]
[Black "Eden, James"]
[Result "0-1"]
[WhiteElo "2132"]
[BlackElo "2253"]
[PlyCount "94"]
[EventDate "2022.06.16"]
[EventType "team-tourn"]
[EventRounds "4"]
[EventCountry "FRA"]
[SourceTitle "CBM 208 Extra"]
[Source "ChessBase"]
[SourceDate "2022.07.31"]
[SourceVersion "1"]
[SourceVersionDate "2022.07.31"]
[SourceQuality "1"]
[WhiteTeam "Lyon"]
[BlackTeam "US Villejuif Echecs"]
[WhiteTeamCountry "FRA"]
[BlackTeamCountry "FRA"]

1. c4 Nf6 2. Nc3 g6 3. g3 Bg7 4. Bg2 0-0 5. Nf3 d6 6. 0-0 e5 7. d3 Nc6 8. Rb1 Re8 9. e4 Bg4 10. h3 Bxf3 11. Bxf3 Nd7 12. b4 Nf8 13. Be3 Ne6 14. Bg2 h5 15. Qd2 h4 16. Ne2 Ncd4 17. Bxd4 exd4 18. g4 g5 19. f4 gxf4 20. Nxf4 Qg5 21. Qc1 Bh6 22. Nxe6 Qxc1 23. Rbxc1 fxe6 24. Rb1 Rf8 25. a3 Rab8 26. a4 Be3+ 27. Kh1 Bf4 28. Bf3 Kg7 29. Kg2 Kf6 30. Be2 Kg5 31. b5 Bg3 32. Kg1 Rf4 33. a5 Rbf8 34. a6 bxa6 35. bxa6 Rf2 36. Rb7 R8f4 37. Rxf2 Rxf2 38. Bf1 Ra2 39. Rxa7 Kf4 40. Ra8 Bf2+ 41. Kh2 Bg3+ 42. Kg1 Kf3 43. a7 Bf4 44. Rf8 Kg3 45. a8Q Be3+ 46. Rf2 Bxf2+ 47. Kh1 Rxa8 0-1

[Event "FRA-chT Top 16 GpA"]
[Site "Chartres"]
[Date "2022.06.15"]
[Round "7.5"]
[White "David, Alberto"]
[Black "Eden, James"]
[Result "1-0"]
[WhiteElo "2520"]
[BlackElo "2253"]
[PlyCount "144"]
[EventDate "2022.06.09"]
[EventType "team-tourn"]
[EventRounds "7"]
[EventCountry "FRA"]
[SourceTitle "CBM 208 Extra"]
[Source "ChessBase"]
[SourceDate "2022.07.31"]
[SourceVersion "1"]
[SourceVersionDate "2022.07.31"]
[SourceQuality "1"]
[WhiteTeam "Chalon"]
[BlackTeam "US Villejuif Echecs"]
[WhiteTeamCountry "FRA"]
[BlackTeamCountry "FRA"]

1. d4 d5 2. c4 c6 3. Nf3 Nf6 4. e3 Bf5 5. Nc3 a6 6. Qb3 Ra7 7. Nh4 Be4 8. f3 dxc4 9. Qxc4 Bd5 10. Qe2 b5 11. Qf2 Qa5 12. e4 b4 13. Nb1 Bb3 14. Nd2 Ba4 15. Nc4 Qd8 16. Be3 Rb7 17. Be2 e6 18. 0-0 Be7 19. g3 0-0 20. Ng2 Nbd7 21. Rac1 Bb5 22. Rfd1 h6 23. Nf4 Ne8 24. d5 cxd5 25. exd5 e5 26. Ne6 fxe6 27. dxe6 Nef6 28. Qg2 Qb8 29. exd7 Rxd7 30. Qh3 Rxd1+ 31. Rxd1 Qc8 32. Qxc8 Rxc8 33. b3 Rd8 34. Rxd8+ Bxd8 35. Kf2 Bc7 36. Bc5 Nd5 37. Ne3 Nc3 38. Bxb5 axb5 39. Bxb4 Nxa2 40. Bd2 Bd6 41. Ke2 Kf7 42. Kd3 Ke6 43. Ke4 g6 44. Ng2 h5 45. Nh4 Kf6 46. g4 Bb4 47. g5+ Kf7 48. Bxb4 Nxb4 49. Kxe5 Nd3+ 50. Kd4 Nf4 51. Kc5 Ne6+ 52. Kxb5 Nxg5 53. b4 Ne6 54. Kc4 Kf6 55. b5 g5 56. b6 Nd8 57. Ng2 Kf5 58. h3 Ke5 59. Kc5 Ke6 60. Kb5 Ke5 61. Kc5 Ke6 62. Ne1 Kf5 63. Nd3 g4 64. hxg4+ hxg4 65. fxg4+ Kxg4 66. Kd6 Nb7+ 67. Kc7 Na5 68. Ne5+ Kf5 69. Nc6 Nb3 70. Nd4+ Nxd4 71. b7 Ne6+ 72. Kc8 Ke4 1-0

[Event "FRA-ch Blitz"]
[Site "Port Marly"]
[Date "2022.05.28"]
[Round "9"]
[White "Eden, James"]
[Black "Rakotomaharo, Fy Antenaina"]
[Result "1-0"]
[WhiteElo "2273"]
[BlackElo "2467"]
[PlyCount "79"]
[EventDate "2022.05.28"]
[EventType "swiss (blitz)"]
[EventRounds "13"]
[EventCountry "FRA"]
[SourceTitle "CBM 208 Extra"]
[Source "ChessBase"]
[SourceDate "2022.07.31"]
[SourceVersion "1"]
[SourceVersionDate "2022.07.31"]
[SourceQuality "1"]

1. e4 e5 2. Nf3 Nc6 3. Bc4 Bc5 4. c3 Nf6 5. d3 a5 6. a4 d6 7. 0-0 0-0 8. h3 h6 9. Re1 Ba7 10. d4 exd4 11. cxd4 d5 12. exd5 Nb4 13. Nc3 Nbxd5 14. Ne5 c6 15. Be3 Be6 16. Qf3 Re8 17. Rad1 Nxc3 18. bxc3 Bxc4 19. Nxc4 Qd5 20. Qxd5 Nxd5 21. Nxa5 Bxd4 22. Bxd4 Rxe1+ 23. Rxe1 Rxa5 24. Re8+ Kh7 25. Rb8 Rxa4 26. Rxb7 Kg6 27. Rd7 Rc4 28. h4 h5 29. g3 Nxc3 30. Kg2 Nd5 31. Be5 Rc2 32. Kf3 f6 33. Bd4 Rc4 34. Ke4 Ra4 35. Kd3 Nb4+ 36. Ke2 Ra2+ 37. Kf3 Nd3 38. Bc3 Ne5+ 39. Bxe5 fxe5 40. Ke4 1-0

[Event "Cappelle op 38th"]
[Site "Cappelle la Grande"]
[Date "2022.02.14"]
[Round "4"]
[White "Song, Michael"]
[Black "Eden, James"]
[Result "1-0"]
[WhiteElo "2404"]
[BlackElo "2286"]
[PlyCount "51"]
[EventDate "2022.02.12"]
[EventType "swiss"]
[EventRounds "9"]
[EventCountry "FRA"]
[SourceTitle "CBM 206 Extra"]
[Source "ChessBase"]
[SourceDate "2022.03.31"]
[SourceVersion "1"]
[SourceVersionDate "2022.03.31"]
[SourceQuality "1"]

1. e4 e5 2. f4 d5 3. exd5 exf4 4. Nf3 Nf6 5. Bb5+ Bd7 6. Bxd7+ Qxd7 7. c4 c6 8. 0-0 cxd5 9. Ne5 Qc7 10. d4 Bd6 11. Nc3 Bxe5 12. dxe5 Ne4 13. cxd5 Qb6+ 14. Kh1 Ng3+ 15. hxg3 Qh6+ 16. Kg1 Qb6+ 17. Be3 Qxe3+ 18. Kh1 fxg3 19. Qh5 0-0 20. e6 g6 21. Qh4 fxe6 22. Rxf8+ Kxf8 23. Qxh7 Qf4 24. dxe6 Nc6 25. Nd5 Qf5 26. Qh8# 1-0

[Event "Asnieres sur Seine Trophy"]
[Site "Asnieres sur Seine"]
[Date "2021.09.12"]
[Round "6"]
[White "Eden, James"]
[Black "Relange, Eloi"]
[Result "0-1"]
[WhiteElo "2291"]
[BlackElo "2456"]
[PlyCount "60"]
[EventDate "2021.09.11"]
[EventType "swiss (rapid)"]
[EventRounds "11"]
[EventCountry "FRA"]
[SourceTitle "CBM 204 Extra"]
[Source "ChessBase"]
[SourceDate "2021.11.30"]
[SourceVersion "1"]
[SourceVersionDate "2021.11.30"]
[SourceQuality "1"]

1. e4 d6 2. d4 Nf6 3. Nc3 e5 4. Nf3 Nbd7 5. Bc4 Be7 6. 0-0 0-0 7. h3 c6 8. a4 Qc7 9. Be3 exd4 10. Bxd4 Ne5 11. Nxe5 dxe5 12. Be3 b6 13. Qf3 a6 14. a5 b5 15. Bb3 Bb7 16. Rfd1 b4 17. Bb6 Qc8 18. Ne2 c5 19. Ng3 c4 20. Nf5 Bc5 21. Nxg7 Nxe4 22. Nf5 Kh8 23. Bxc5 Nxc5 24. Qh5 Qc6 25. f3 Qg6 26. Qh4 Rg8 27. Ne3 cxb3 28. Qxb4 Rac8 29. cxb3 Bxf3 30. Rd2 Ne4 0-1

[Event "FRA-chT Top 12"]
[Site "Chalons en Champagne"]
[Date "2021.07.01"]
[Round "8.3"]
[White "Eden, James"]
[Black "Istratescu, Andrei"]
[Result "1/2-1/2"]
[WhiteElo "2294"]
[BlackElo "2553"]
[PlyCount "73"]
[EventDate "2021.06.24"]
[EventType "team-tourn"]
[EventRounds "11"]
[EventCountry "FRA"]
[SourceTitle "CBM 203 Extra"]
[Source "ChessBase"]
[SourceDate "2021.09.30"]
[SourceVersion "1"]
[SourceVersionDate "2021.09.30"]
[SourceQuality "1"]
[WhiteTeam "Villejuif"]
[BlackTeam "Mulhouse Philidor"]
[WhiteTeamCountry "FRA"]
[BlackTeamCountry "FRA"]

1. e4 c5 2. c3 Nf6 3. e5 Nd5 4. Bc4 Nb6 5. Bb3 c4 6. Bc2 Nc6 7. Nf3 Qc7 8. 0-0 Nxe5 9. Nxe5 Qxe5 10. Re1 Qc7 11. a4 e6 12. d3 cxd3 13. Qxd3 Be7 14. Na3 a6 15. a5 Nd5 16. Bb3 Nf6 17. Nc4 0-0 18. Bg5 d6 19. Bc2 g6 20. Nb6 Rb8 21. Qd4 Kg7 22. f4 h6 23. Bh4 Qd8 24. Ba4 Kh7 25. Rad1 Bd7 26. Nxd7 Nxd7 27. Bxe7 Qxe7 28. Qxd6 Qxd6 29. Rxd6 Nf6 30. Red1 Rfc8 31. Bb3 Rc5 32. Rb6 Rxa5 33. Rd4 Kg7 34. Rdb4 Nd5 35. Rxb7 Nxb4 36. Rxb8 Nd3 37. g3 1/2-1/2

[Event "FRA-chT Top 12"]
[Site "Chalons en Champagne"]
[Date "2021.06.30"]
[Round "7.3"]
[White "Fressinet, Laurent"]
[Black "Eden, James"]
[Result "1-0"]
[WhiteElo "2638"]
[BlackElo "2294"]
[PlyCount "53"]
[EventDate "2021.06.24"]
[EventType "team-tourn"]
[EventRounds "11"]
[EventCountry "FRA"]
[SourceTitle "CBM 203 Extra"]
[Source "ChessBase"]
[SourceDate "2021.09.30"]
[SourceVersion "1"]
[SourceVersionDate "2021.09.30"]
[SourceQuality "1"]
[WhiteTeam "Bischwiller"]
[BlackTeam "Villejuif"]
[WhiteTeamCountry "FRA"]
[BlackTeamCountry "FRA"]

1. d4 d5 2. c4 c6 3. Nc3 Nf6 4. e3 a6 5. Nf3 Bf5 6. Qb3 Ra7 7. Nh4 Bc8 8. a4 e6 9. a5 Nbd7 10. cxd5 Nxd5 11. Nf3 Bb4 12. e4 Nxc3 13. bxc3 Bxa5 14. Bg5 Nf6 15. Qa3 b6 16. Bd3 h6 17. Bh4 c5 18. 0-0 Bb7 19. Ne5 cxd4 20. Nc4 Qe7 21. Nd6+ Kd7 22. e5 g5 23. Bg3 Ne8 24. cxd4 h5 25. Qb2 Nxd6 26. exd6 Qd8 27. Rfc1 1-0

[Event "FRA-chT Top 12"]
[Site "Chalons en Champagne"]
[Date "2021.06.25"]
[Round "2.1"]
[White "Eden, James"]
[Black "Hamdouchi, Hicham"]
[Result "1-0"]
[WhiteElo "2294"]
[BlackElo "2561"]
[PlyCount "112"]
[EventDate "2021.06.24"]
[EventType "team-tourn"]
[EventRounds "11"]
[EventCountry "FRA"]
[SourceTitle "CBM 203 Extra"]
[Source "ChessBase"]
[SourceDate "2021.09.30"]
[SourceVersion "1"]
[SourceVersionDate "2021.09.30"]
[SourceQuality "1"]
[WhiteTeam "Villejuif"]
[BlackTeam "Clichy Echecs 92"]
[WhiteTeamCountry "FRA"]
[BlackTeamCountry "FRA"]

1. e4 c5 2. Nf3 g6 3. d4 cxd4 4. Nxd4 Nf6 5. Nc3 Nc6 6. Be3 Bg7 7. Nxc6 bxc6 8. e5 Ng8 9. Bd4 Qa5 10. e6 Nf6 11. exd7+ Bxd7 12. Qd2 0-0 13. Ne4 Qc7 14. Nxf6+ exf6 15. 0-0-0 Be6 16. Qc3 Rfd8 17. g3 Bd5 18. Rg1 Rd6 19. Bc4 Rad8 20. Bc5 R6d7 21. Bxd5 Rxd5 22. Rxd5 Rxd5 23. Re1 h5 24. Re7 Qd8 25. Qe1 Re5 26. Rxe5 fxe5 27. Bxa7 Qd5 28. Kb1 c5 29. a4 e4 30. a5 Qd4 31. c3 Qd3+ 32. Ka1 Bf8 33. Bb6 Bd6 34. Qe3 Qd1+ 35. Ka2 Qa4+ 36. Kb1 Qc4 37. Qd2 Be7 38. Qc2 h4 39. b3 Qf1+ 40. Ka2 h3 41. Qb2 Bf8 42. Ka3 Qd3 43. c4 e3 44. fxe3 Bg7 45. Qc1 Qe2 46. a6 Qxh2 47. a7 Qg2 48. Qd1 Bb2+ 49. Ka4 Qc6+ 50. Ka5 Bc3+ 51. Ka6 Qc8+ 52. Kb5 Qe8+ 53. Kxc5 Qc8+ 54. Kd6 Qb7 55. c5 Bb4 56. Ke5 Qe7+ 1-0

[Event "Titled Tuesday intern op 18th May"]
[Site "Chess.com INT"]
[Date "2021.05.18"]
[Round "8"]
[White "Eden, James"]
[Black "Lopez Gracia, Fernando"]
[Result "1-0"]
[WhiteElo "2294"]
[BlackElo "2299"]
[PlyCount "75"]
[EventDate "2021.05.18"]
[EventType "swiss (blitz)"]
[EventRounds "11"]
[EventCountry "USA"]
[SourceTitle "CBM 202 Extra"]
[Source "ChessBase"]
[SourceDate "2021.07.31"]
[SourceVersion "1"]
[SourceVersionDate "2021.07.31"]
[SourceQuality "1"]

1. e4 c5 2. Nf3 e6 3. d4 cxd4 4. Nxd4 Nf6 5. Nc3 d6 6. g4 h6 7. h4 Nc6 8. Rg1 d5 9. exd5 Nxd5 10. Nxd5 exd5 11. Be3 Qxh4 12. Qe2 Qe7 13. 0-0-0 Nxd4 14. Rxd4 Be6 15. f4 0-0-0 16. f5 Bd7 17. Rxd5 Bc6 18. Rxd8+ Qxd8 19. Bxa7 Bd6 20. Bg2 Re8 21. Qc4 Qc7 22. Bxc6 bxc6 23. Bd4 f6 24. Rd1 Rd8 25. a4 Bf4+ 26. Kb1 c5 27. Rd3 Rxd4 28. Rxd4 cxd4 29. Qxd4 Be5 30. Qd5 Qb6 31. c3 Qg1+ 32. Ka2 Qxg4 33. Qc6+ Kd8 34. a5 Qxf5 35. a6 Bc7 36. Qa4 Qa5 37. Qxa5 Bxa5 38. a7 1-0

[Event "Titled Tuesday intern op 18th May"]
[Site "Chess.com INT"]
[Date "2021.05.18"]
[Round "7"]
[White "Livaic, Leon"]
[Black "Eden, James"]
[Result "1-0"]
[WhiteElo "2505"]
[BlackElo "2294"]
[PlyCount "43"]
[EventDate "2021.05.18"]
[EventType "swiss (blitz)"]
[EventRounds "11"]
[EventCountry "USA"]
[SourceTitle "CBM 202 Extra"]
[Source "ChessBase"]
[SourceDate "2021.07.31"]
[SourceVersion "1"]
[SourceVersionDate "2021.07.31"]
[SourceQuality "1"]

1. d4 d5 2. c4 c6 3. cxd5 cxd5 4. Bf4 Nf6 5. e3 Nc6 6. Nc3 a6 7. Be2 e6 8. Rc1 Bd6 9. Bxd6 Qxd6 10. f4 0-0 11. Nf3 Bd7 12. 0-0 Rfc8 13. Ne5 Be8 14. Bd3 b5 15. Rf3 Na5 16. Rh3 g6 17. Qe1 Nc4 18. Qh4 Qe7 19. Ng4 Kg7 20. Qh6+ Kg8 21. Qg5 Kg7 22. Nxf6 1-0

[Event "Titled Tuesday intern op 18th May"]
[Site "Chess.com INT"]
[Date "2021.05.18"]
[Round "10"]
[White "Trost, Edvin"]
[Black "Eden, James"]
[Result "0-1"]
[WhiteElo "2184"]
[BlackElo "2294"]
[PlyCount "150"]
[EventDate "2021.05.18"]
[EventType "swiss (blitz)"]
[EventRounds "11"]
[EventCountry "USA"]
[SourceTitle "CBM 202 Extra"]
[Source "ChessBase"]
[SourceDate "2021.07.31"]
[SourceVersion "1"]
[SourceVersionDate "2021.07.31"]
[SourceQuality "1"]

1. Nf3 Nf6 2. b3 g6 3. Bb2 Bg7 4. e3 0-0 5. c4 c6 6. Nc3 d5 7. Be2 Re8 8. 0-0 e5 9. cxd5 cxd5 10. d3 Nc6 11. Rc1 Bf5 12. Re1 Rc8 13. Bf1 h6 14. h3 Qd7 15. Na4 b6 16. d4 e4 17. Ne5 Nxe5 18. dxe5 Nh7 19. Rxc8 Rxc8 20. Re2 Ng5 21. Rd2 Rd8 22. Nc3 Bxe5 23. Nxd5 Bxb2 24. Bb5 Qxb5 25. Ne7+ Kg7 26. Nxf5+ Qxf5 27. Rxd8 Bf6 28. Ra8 a5 29. Qd6 Ne6 30. Qb8 Bd8 31. Qd6 Bc7 32. Qd1 Qc5 33. Re8 Qc6 34. Re7 Be5 35. g3 h5 36. Qd7 Qxd7 37. Rxd7 Nc5 38. Rd5 Bf6 39. Rd6 b5 40. Rc6 Nd3 41. Rb6 b4 42. Ra6 Nc1 43. Rxa5 Be5 44. Ra6 Bc3 45. Kg2 Bb2 46. Ra4 Ba3 47. Ra7 Nxa2 48. Re7 Nc1 49. Rxe4 Nxb3 50. Re8 Nd2 51. Rb8 b3 52. Rd8 b2 53. Rxd2 b1Q 54. Rd4 Bc5 55. Rf4 Qb7+ 56. Kg1 f5 57. Rc4 Qb1+ 58. Kg2 Bd6 59. Ra4 Qb7+ 60. Kg1 Qc6 61. Ra1 Kf6 62. Rf1 h4 63. gxh4 Qf3 64. Rb1 Qxh3 65. Rb6 Qg4+ 66. Kf1 Qd1+ 67. Kg2 Qd5+ 68. Kf1 Ke5 69. Rb2 Ke4 70. Kg2 Ke5+ 71. Kg1 f4 72. exf4+ Kxf4 73. Rb3 Qxb3 74. Kh2 Kf3+ 75. Kg1 Qd1# 0-1

[Event "Titled Tuesday intern op 11th May"]
[Site "Chess.com INT"]
[Date "2021.05.11"]
[Round "7"]
[White "Eden, James"]
[Black "Yang, Kaiqi"]
[Result "1/2-1/2"]
[WhiteElo "2294"]
[BlackElo "2481"]
[PlyCount "58"]
[EventDate "2021.05.11"]
[EventType "swiss (blitz)"]
[EventRounds "11"]
[EventCountry "USA"]
[SourceTitle "CBM 202 Extra"]
[Source "ChessBase"]
[SourceDate "2021.07.31"]
[SourceVersion "1"]
[SourceVersionDate "2021.07.31"]
[SourceQuality "1"]

1. e4 c5 2. Nf3 d6 3. d4 cxd4 4. Nxd4 Nf6 5. Nc3 g6 6. f4 Nc6 7. Nxc6 bxc6 8. e5 Nd7 9. exd6 exd6 10. Qd4 Qf6 11. Be3 Bg7 12. 0-0-0 Qxd4 13. Bxd4 Bxd4 14. Rxd4 d5 15. Na4 0-0 16. c4 Re8 17. cxd5 cxd5 18. Rxd5 Re1+ 19. Rd1 Re4 20. Bb5 Rxf4 21. Rxd7 Bxd7 22. Bxd7 Rd8 23. Rd1 Rf2 24. Bh3 Rxd1+ 25. Kxd1 f5 26. Ke1 Rc2 27. Kd1 Rf2 28. Ke1 Rc2 29. Kd1 Rf2 1/2-1/2